| 000 | 00587nam a22001697a 4500 | ||
|---|---|---|---|
| 008 | 090816t xxu||||| |||| 00| 0 eng d | ||
| 020 | _a9780194620031 | ||
| 020 | _a9780194620017 | ||
| 082 |
_222 _a428.24 _bGAI |
||
| 245 |
_aOxford Word Skills.Basic/ _cRuth Gairns and Stuart Redman |
||
| 260 |
_aOxford: _bOxford University Press, _c2008 |
||
| 300 |
_a254 p.: _bcol. ill.; _c25 cm. + _e1 CD-ROM (4 3/4 in.) |
||
| 500 | _aIncludes index | ||
| 650 |
_98449 _aEnglish language _v-- Problems, exercises |
||
| 650 |
_93027 _aEnglish language _vTextbooks for foreign speakers |
||
| 942 |
_2ddc _cBB |
||
| 999 |
_c12586 _d12586 |
||